000
00309nam a22001457a 4500
008
210310b ||||| |||| 00| 0 eng d
020
_a
9780072326673
041
_a
eng
080
_2
5th
_a
611
082
_a
611
100
_a
6
101
_a
ANA
245
_a
Human Anatomy
_c
Graaff,K.V.D
942
_2
udc
_c
BK
999
_c
56199
_d
56199